| 000 | 00967nam a22002177a 4500 | ||
|---|---|---|---|
| 999 |
_c62868 _d62868 |
||
| 003 | Ge_BSU | ||
| 005 | 20250312165551.0 | ||
| 008 | 250312s1998 ge ||||| |||| 00| 0 geo d | ||
| 020 | _a999285197X | ||
| 041 | _ageo | ||
| 080 | _a616.89(075.8) ნ-24 | ||
| 100 |
_aნანეიშვილი, გიორგი _916081 |
||
| 245 |
_aფსიქიატრიის მოკლე კურსი : _bსახელმძღვ. ექიმებისა და სტუდ. / _cგიორგი ნანეიშვილი; რედ. რ. შაქარიშვილი. |
||
| 264 |
_aთბ. : _bმეცნიერება, _c1998. |
||
| 300 |
_a244 გვ. ; _b20 სმ. |
||
| 504 | _aბიბლიოგრ.: გვ. 242. | ||
| 653 | _aფსიქიატრია | ||
| 653 | _aმედიცინა | ||
| 700 |
_aშაქარიშვილი, რ. _eრედაქტორი _924540 |
||
| 942 |
_2udc _cᲬᲘᲒᲜᲘ |
||